[Event "IECC CL8-2002.01"]
[Site "IECC email"]
[Date "2002.01.28"]
[Round "?"]
[White "Hintze, Russell P"]
[Black "Rust, Robert"]
[Result "0-1"]
[WhiteElo "977"]
[BlackElo "1038"]
[PlyCount "41"]
[EventDate "2002.??.??"]
[EventType "tourn (corr)"]
[EventRounds "4"]
[SourceTitle "Corr 2008"]
[Source "ChessBase"]
[SourceDate "2008.06.24"]
[SourceVersion "1"]
[SourceVersionDate "2008.06.24"]
[SourceQuality "1"]

1. d4 d5 2. c4 dxc4 3. e4 e5 4. Nf3 exd4 5. Bxc4 Bb4+ 6. Bd2 Bxd2+ 7. Qxd2 c5 8. 0-0 Be6 9. Ne5 Bxc4 10. Nxc4 Ne7 11. Qg5 0-0 12. f4 b6 13. Nbd2 f6 14. Qg4 b5 15. Na3 a6 16. Nc2 d3 17. Ne3 Qd4 18. Qg3 c4 19. Kh1 Qxb2 20. Nf3 Nbc6 21. Rf2 0-1